000 00340nam a22001457a 4500
003 OSt
005 20231202092451.0
008 231202b |||||||| |||| 00| 0 eng d
040 _cIIMT UNIVERSITY
100 _aGEETA, PRESS
245 _aSRIMADBHAGWATGEETA
260 _aGORAKHPUR
_bGEETA PRESS
_cS.2067
300 _a298
942 _2ddc
_c09
999 _c57750
_d57750